[Event "DEN-ch Seniors 65"]
[Site "Aalborg"]
[Date "2022.02.20"]
[Round "1"]
[White "Nielsen, Mogens Bach"]
[Black "Mikkelsen, Peter Jorgen Dam"]
[Result "0-1"]
[WhiteElo "1846"]
[BlackElo "2148"]
[PlyCount "80"]
[EventDate "2022.02.20"]
[EventType "swiss"]
[EventRounds "7"]
[EventCountry "DEN"]
[SourceTitle "EXT 2024"]
[Source "ChessBase"]
[SourceDate "2023.10.10"]
[SourceVersion "1"]
[SourceVersionDate "2023.10.10"]
[SourceQuality "1"]

1. e4 c6 2. d4 d5 3. exd5 cxd5 4. Bd3 Nc6 5. c3 Nf6 6. Bf4 g6 7. Nf3 Bg7 8. 0-0 0-0 9. Re1 Bf5 10. Bxf5 gxf5 11. Nbd2 Ne4 12. Ne5 e6 13. Nxc6 bxc6 14. Re3 Qh4 15. g3 Qe7 16. Nf3 c5 17. Ne5 f6 18. Nd3 c4 19. Nb4 a5 20. f3 axb4 21. fxe4 fxe4 22. g4 bxc3 23. Rxc3 Qb4 24. Qd2 Ra4 25. a3 Qb6 26. Rh3 Ra7 27. Kh1 Rb7 28. Rb1 Qc6 29. Bh6 Qe8 30. Rg1 Qg6 31. Bf4 Qf7 32. g5 fxg5 33. Bxg5 Qf5 34. Rhg3 Kh8 35. Qg2 Qf7 36. Be3 e5 37. dxe5 Bxe5 38. Rg5 Rxb2 39. Bd2 c3 40. Bxc3 Bxc3 0-1